000 00654nas a2200229 4500
001 BR9000455
003 BR-BrBNA
005 20231205091804.0
007 ta
008 230509b bl.|||p| |||| 00| 00por d
040 _aBR-BrBNA
_bpor
_cBiblioteca Nacional de Agricultura
041 _a(Pt)
072 _aF70
100 1 _aFuks, R.
245 1 _aRubus L. (Rosaceae)do estado do Rio de Janeiro
650 _aROSACEAE
650 _aTAXONOMIA VEGETAL
650 _aRIO DE JANEIRO
773 0 _tRodriguesia (Brazil)
_xISSN 0370-6583
_g(Oct-Dec 1984), v. 36(61) p. 3-31
_wBR9000455
909 _a202311
_bLúcia
_c55
_dLúcia Elande
942 _2AGRIS
_n0
_cANA
999 _c127340
_d127340